000 00879cam a2200289 i 4500
001 000011297
003 DO-SdBNP
005 20250423140907.0
007 ta
008 970506s1996 ve 001 0 spa
020 _a9800737170
040 _aDO-SdBNP
_bspa
_cBNPHU
_erda
049 _aBNGR
082 4 _a614.599387
_bR696e
_222
100 1 _aRodríguez, Albor,
_d1970-
_eautor
_4aut.
_926887
245 1 0 _aDe eso no se habla :
_bla huella del SIDA en Venezuela /
_cAlbor Rodríguez.
264 1 _aCaracas :
_bAlfadil Ediciones y Excesom,
_c1996.
300 _a205 páginas ;
_c23 cm.
336 _atexto
_btxt
_2rdacontent
337 _asin mediación
_bn
_2rdamedia
338 _avolumen
_bnc
_2rdacarrier
490 _aHogueras
_v13
650 4 _aSIDA (Enfermedad)
_zVenezuela
_952709
650 4 _aVih
_926889
910 _aCatalogación derivada / LC
942 _2ddc
_cLBS1
999 _c11004
_d11004